000 00476nam a2200181Ia 4500
005 20250326144213.0
008 250326s9999 xx 000 0 und d
037 _aTextbook
040 _aFMSL
_beng
_cFMSL
041 _aeng
_2eng
084 _aS8 K8
_qFMSL
100 _aCARTWRIGHT
_9749241
245 0 _aGroup dynamics
_cCartwright; Zander
260 _aDelhi
_bDelhi, Harper & Row
_c1968
300 _a580p
942 _cTB
_hS8 K8
999 _c1302782
_d1302782